<?xml version="1.0" encoding="UTF-8"?>
<record
    xmlns:xsi="http://www.w3.org/2001/XMLSchema-instance"
    xsi:schemaLocation="http://www.loc.gov/MARC21/slim http://www.loc.gov/standards/marcxml/schema/MARC21slim.xsd"
    xmlns="http://www.loc.gov/MARC21/slim">

  <leader>02970nam a2200349   4500</leader>
  <controlfield tag="001">18</controlfield>
  <controlfield tag="003">OSt</controlfield>
  <controlfield tag="005">20250528074009.0</controlfield>
  <controlfield tag="008">250120b        |||||||e |||| 00| 1 eng d</controlfield>
  <datafield tag="020" ind1=" " ind2=" ">
    <subfield code="a">8528608131</subfield>
  </datafield>
  <datafield tag="040" ind1=" " ind2=" ">
    <subfield code="b">por</subfield>
  </datafield>
  <datafield tag="041" ind1=" " ind2=" ">
    <subfield code="h">spa</subfield>
    <subfield code="a">por</subfield>
  </datafield>
  <datafield tag="082" ind1=" " ind2=" ">
    <subfield code="a">ch860</subfield>
    <subfield code="b">A432r</subfield>
  </datafield>
  <datafield tag="100" ind1=" " ind2=" ">
    <subfield code="a">Allende, Isabel</subfield>
    <subfield code="d">1942-</subfield>
    <subfield code="9">29</subfield>
  </datafield>
  <datafield tag="240" ind1=" " ind2=" ">
    <subfield code="a">Retrato en Sepia</subfield>
  </datafield>
  <datafield tag="245" ind1=" " ind2=" ">
    <subfield code="a">Retrato em s&#xE9;pia /</subfield>
    <subfield code="c">Allende, Isabel ;  Tradu&#xE7;&#xE3;o de Mario Pontes</subfield>
  </datafield>
  <datafield tag="260" ind1=" " ind2=" ">
    <subfield code="a">Rio de Janeiro</subfield>
    <subfield code="b">Bertrand Brasil</subfield>
    <subfield code="c">2001</subfield>
  </datafield>
  <datafield tag="300" ind1=" " ind2=" ">
    <subfield code="a">420 p.</subfield>
  </datafield>
  <datafield tag="490" ind1="1" ind2=" ">
    <subfield code="a">Trilogia: A casa dos Espiritos</subfield>
    <subfield code="v">parte 03</subfield>
  </datafield>
  <datafield tag="500" ind1=" " ind2=" ">
    <subfield code="a">Continua&#xE7;&#xE3;o de : Filha da Fortuna</subfield>
  </datafield>
  <datafield tag="520" ind1=" " ind2=" ">
    <subfield code="a">" Vivo entre difusos matizes, veludos mist&#xE9;rios, incertezas; o tom adequado para contar minha vida se ajusta melhor ao de um retrato em s&#xE9;pia..." Atrav&#xE9;s das palavras finais da narrativa de Retrato em S&#xE9;pia, o mais recente livro de Isabel Allende, compreendemos a verdadeira dimens&#xE3;o da hist&#xF3;ria de Aurora del Valle (neta de Eliza Sommers, protagonista de Filha da Fortuna). Juntando recorda&#xE7;&#xF5;es ilus&#xF3;rias e os fios evasivos de personagens que passaram pelo seu destino, a protagonista procura entender o seu passado. A narrativa, que d&#xE1; seq&#xFC;&#xEA;ncia ao romance Filha da Fortuna, come&#xE7;a em 1862, transcorrendo at&#xE9; 1896. &#xD3;rf&#xE3; de m&#xE3;e, durante o parto, Aurora del Valle nasceu no bairro de Chinatown, em San Francisco, em 1880, e foi criada pela en&#xE9;rgica e austera av&#xF3; Paulina Del Valle. Enovelada com os segredos de fam&#xED;lia, a protagonista cresce em um ambiente privilegiado, livre de muitas das limita&#xE7;&#xF5;es que oprimiam as mulheres de sua &#xE9;poca, mas, infelizmente, vive atormentada por horr&#xED;veis pesadelos. Retrato em S&#xE9;pia destaca-se como romance hist&#xF3;rico, onde a mem&#xF3;ria constitui o tema central. Nesta atraente saga familiar, o leitor, reencontrar&#xE1; no decorrer da leitura, alguns dos personagens de Filha da Fortuna e de A Casa dos Esp&#xED;ritos. A AUTORA Isabel Allende, embora de nacionalidade chilena, nasceu em Lima, capital peruana, em 1942. Aos dezessete anos inicia uma intensa carreira como jornalista e escritora. Em 1982, Isabel Allende publica ACasa dos Esp&#xED;ritos, que imediatamente a consagraria como uma das mais brilhantes escritoras da l&#xED;ngua espanhola e a colocaria no rol dos escritores latino-americanos mais traduzidos. A fulgurante carreira liter&#xE1;ria de Isabel Allende prosseguiu com De Amor e de Sombra, Eva Luna, O Plano Infinito, Paula, Cartas a Paula, Contos de Eva Luna, Afrodite e Filha da Fortuna, todos publicados pela Bertrand Brasil. Atualmente a autora reside nos Estados Unidos, em Sausalito, Calif&#xF3;rnia, com o marido William Gordon.</subfield>
  </datafield>
  <datafield tag="650" ind1=" " ind2="0">
    <subfield code="a">Literatura Chilena</subfield>
    <subfield code="9">88</subfield>
  </datafield>
  <datafield tag="650" ind1=" " ind2="0">
    <subfield code="a">Drama</subfield>
    <subfield code="9">18</subfield>
  </datafield>
  <datafield tag="650" ind1=" " ind2="0">
    <subfield code="a">Amor e Paix&#xE3;o</subfield>
    <subfield code="9">25</subfield>
  </datafield>
  <datafield tag="650" ind1=" " ind2="0">
    <subfield code="a">&#xC9;poca</subfield>
    <subfield code="9">31</subfield>
  </datafield>
  <datafield tag="650" ind1=" " ind2="0">
    <subfield code="a">Emponderamento </subfield>
    <subfield code="9">32</subfield>
  </datafield>
  <datafield tag="655" ind1=" " ind2="0">
    <subfield code="a">Romance</subfield>
    <subfield code="9">23</subfield>
  </datafield>
  <datafield tag="655" ind1=" " ind2="0">
    <subfield code="a">Fic&#xE7;&#xE3;o </subfield>
    <subfield code="9">22</subfield>
  </datafield>
  <datafield tag="700" ind1=" " ind2=" ">
    <subfield code="a">Mario Pontes</subfield>
    <subfield code="e">Tradutor</subfield>
    <subfield code="9">37</subfield>
  </datafield>
  <datafield tag="830" ind1=" " ind2=" ">
    <subfield code="a">Trilogia: A casa dos Espiritos</subfield>
    <subfield code="9">39</subfield>
    <subfield code="v">parte 03</subfield>
  </datafield>
  <datafield tag="942" ind1=" " ind2=" ">
    <subfield code="2">ddc</subfield>
    <subfield code="n">0</subfield>
    <subfield code="c">BK</subfield>
  </datafield>
  <datafield tag="952" ind1=" " ind2=" ">
    <subfield code="0">0</subfield>
    <subfield code="1">0</subfield>
    <subfield code="2">ddc</subfield>
    <subfield code="3">vol. 03</subfield>
    <subfield code="4">0</subfield>
    <subfield code="7">0</subfield>
    <subfield code="a">BIBIB</subfield>
    <subfield code="b">BIBIB</subfield>
    <subfield code="c">LE</subfield>
    <subfield code="d">2016-06-07</subfield>
    <subfield code="e">doa&#xE7;&#xE3;o</subfield>
    <subfield code="l">0</subfield>
    <subfield code="o">ch860 / A432r</subfield>
    <subfield code="p">2025-15340</subfield>
    <subfield code="r">2025-01-20 08:34:18</subfield>
    <subfield code="w">2025-01-20</subfield>
    <subfield code="y">BK</subfield>
  </datafield>
  <datafield tag="999" ind1=" " ind2=" ">
    <subfield code="c">18</subfield>
    <subfield code="d">18</subfield>
  </datafield>
</record>
